Die teuersten Fußballtransfers - Saison 2020-2021 - Statistiken

Allgemein
  • Dieses Quiz wurde 55 mal gespielt
  • Das Durchschnittsergebnis liegt bei 8 aus 10
Antwortstatistiken
Ablöse (M €) Nationalität Abgebender Verein Aufnehmender Verein Spieler % Korrekt
80,00 Deutschland Bayer Leverkusen FC Chelsea Kai Havertz
100%
53,00 Deutschland RB Leipzig FC Chelsea Timo Werner
98%
49,00 Deutschland Manchester City Bayern Munich Leroy Sané
94%
75,00 Nigeria LOSC LIlle SSC Neapel Victor Osimhen
94%
60,00 Bosnien und Herzegowina Juventus Turin FC Barcelona Miralem Pjanic
82%
71,60 Portugal Benfica Manchester City Rúben Dias
80%
50,00 Ghana Atlètico Madrid FC Arsenal Thomas Partey
80%
50,00 Argentinien Inter Mailand Paris SG Mauro Icardi
66%
80,60 Brasilien FC Barcelona Juventus Turin Arthur Melo
38%
50,20 England Liecester City FC Chelsea Ben Chilwell
32%
Keine übereinstimmenden Quizze gefunden
Verteilung der Resultate
Anzahl Personen mit jedem Resultat
Perzentil nach korrekt beantworteten Fragen
Ihre Resultats-Entwicklung
Sie haben dieses Quiz noch nicht gespielt